Ont-ils déjà joué avec... Julia Roberts ? - Statistiques

Statistiques générales
  • Ce quiz a été pris 31 fois
  • Le résultat moyen est 3 sur 10
Answers on the Grid
Answers color-coded by a green-red scale on the quiz's grid according to % correct below.
Megan Fox
Ralph Fiennes
Hugh Grant
Tom Waits
Marilyn Manson
Gérard Depardieu
Zendaya
Tim Robbins
Glenn Close
Salma Hayek
Marcello Mastroianni
Penélope Cruz
Angelina Jolie
Camille Cottin
J.K. Simmons
Paul Gianatti
Nicole Kidman
Jennifer Aniston
Ryan Reynolds
Jean-Pierre Cassel
 
Statistiques - réponses
Réponse % Correct
Hugh Grant
79%
Jennifer Aniston
32%
Jean-Pierre Cassel
21%
Paul Gianatti
21%
Ryan Reynolds
21%
Tim Robbins
21%
Glenn Close
18%
Marcello Mastroianni
18%
J.K. Simmons
11%
Nicole Kidman
11%
Aucun quiz correspondant
Distribution des résultats
% des personnes avec chaque résultat
Percentile par nombre de réponses
Votre historique - résultats
Vous n’avez pas pris ce quiz